| 000 | 00858nam a2200241 a 4500 | ||
|---|---|---|---|
| 005 | 20210223121612.0 | ||
| 008 | 991125s1991 es 000 0 spa u | ||
| 020 | _a8475097200 | ||
| 035 | _aUPN01000020667 | ||
| 049 | _aCG | ||
| 050 | 4 |
_aLB1555 _bL6.48 |
|
| 100 | 1 |
_aLowe, John, _d1922- _931478 |
|
| 245 | 1 | 0 |
_aEscuelas y calidad de la enseñanza : _binforme internacional / _cJohn Lowe, David Instance ; tr. del inglés por Guillermo Solana Alonso. |
| 260 |
_aBarcelona, Esp. : _bPaidós, _c1991. |
||
| 300 | _a185 p. | ||
| 440 | 0 |
_aTemas de educación ; _v26 |
|
| 534 |
_pTraducción de: _tSchools and quality : an international report |
||
| 650 | 4 |
_aCALIDAD DE LA ENSEÑANZA _94699 |
|
| 650 | 4 |
_aEDUCACION PRIMARIA - _xVALORACION _919044 |
|
| 650 | 4 |
_aEDUCACION SECUNDARIA - _xVALORACION _919366 |
|
| 700 | 1 |
_aInstance, David, _ecoaut. |
|
| 905 | _aLibro | ||
| 999 |
_c20667 _d20667 |
||